000 00349nam a2200157Ia 4500
008 210210b1962 xxu||||| |||| 00| 0 eng d
041 _aeng
082 _a825/428
100 _aHOLBROOK (David)
245 _aLlaregub Rev
260 _aLondon
_b-
_c1962
650 _aRev
650 _aLlaregub
690 _aEnglish Criticism
906 _a014744
999 _c133963
_d133963